Statistics for Who played.......

Click here to take the quiz!

General Stats

  • This quiz has been taken 12 times
  • The average score is 8 of 12

Answer Stats

HintAnswer% Correct
Indiana JonesHarrison Ford
100%
WolverineHugh Jackman
100%
Harry PotterDaniel Radcliffe
92%
Jack SparrowJohnny Depp
92%
The TerminatorArnold Schwarzenegger
83%
Katniss EverdeenJennifer Lawrence
83%
IronmanRobert Downey Jr.
83%
Mace WinduSamuel L. Jackson
58%
Paul BlartKevin James
50%
Padme AmidalaNatalie Portman
50%
DeadshotWill Smith
17%
Owen GradyChris Pratt
0%

Score Distribution

Percentile by Number Answered

Percent of People with Each Score

Your Score History

You have not taken this quiz